| 000 | 00793nam a2200229 a 4500 | ||
|---|---|---|---|
| 999 |
_c2130 _d2130 |
||
| 001 | 2130 | ||
| 003 | BD-JhCC | ||
| 005 | 20171030165859.0 | ||
| 008 | 171030s1987 bg ||||| |||| 00| 0 ben d | ||
| 035 | _a(BD-JhCC)2130 | ||
| 040 |
_aBD-JhCC _dBD-JhCC |
||
| 041 | _aben | ||
| 082 |
_a891.4409 _bEKU 1978 |
||
| 245 |
_aএকশের স্মারক গ্রন্থ, সাতাশি / _cশামসুজ্জামান খান; সেলিনা হোসেন (সম্পা.) |
||
| 260 |
_aঢাকা : _bবাংলা একাডেমী, _c1987 |
||
| 300 |
_a283 p. : _c22 cm. |
||
| 650 | _aBengali Liturature | ||
| 700 | _aখান, শামসুজ্জামান | ||
| 700 | _aহোসেন, সেলিনা | ||
| 942 |
_2ddc _cBK |
||